| 000 | 00577nam a22001577a 4500 | ||
|---|---|---|---|
| 003 | NUST | ||
| 038 | _aNusrat Nadeem | ||
| 082 | _a200 | ||
| 100 |
_aAchakzai, Batoora _9130654 |
||
| 245 |
_aExploring the link between Public Education Spending and Educational Outcomes in Balochistan: A Pathway to Enhanced Outcomes/ _cBatoora Achakzai, |
||
| 264 |
_aIslamabad: _bS3H NUST. _c2025. |
||
| 650 |
_aMS-Government and Public Policy _9125323 |
||
| 700 |
_aSupervisor: Dr. Inayat Ullah _9130653 |
||
| 856 | _u http://10.250.8.41:8080/xmlui/handle/123456789/54906 | ||
| 942 |
_2ddc _cSC |
||
| 999 |
_c614832 _d614832 |
||